Guess the BlackPink songs by lyrics By:Max - Statistics

General Stats
  • This quiz has been taken 130 times
  • The average score is 16 of 20
Answer Stats
Lyric Answer % Correct
my love is fire Playing with fire
96%
i went crazy over you Crazy over you
94%
you and me sadly can be dangerous Kill this love
93%
middle finger up Boombayah
91%
i could die in this moment Forever young
90%
light up the sky How you like that
89%
this beat got me feeling like Whistle
89%
Don't know what to do without you Don't know what to do
87%
i will make you feel like heaven but i swear am not a saint Hard to love
87%
yeah we got bitches you can't manage Pretty savage
85%
there a cherry Ice cream
82%
it goes little something like Stay
82%
touch me like you touch nobody Kiss and Makeup
79%
driving through your puddle going splish splash Love to hate me
73%
im super psycho Sour candy
72%
what you gonna do Ddu-Du-Ddu-Du
71%
little bit of that As if its your last
68%
hate to see you with someone new Gone
65%
i heard enough i heard enough You never know
56%
to the club to the tub Bet you wanna
55%
No matching quizzes found
Score Distribution
Percent of People with Each Score
Percentile by Number Answered
Your Score History
You have not taken this quiz